000 00921nam a2200277 i 4500
003 DO-SdBNP
005 20240625151223.0
007 ta
008 231023t1977 dr a|||| |||| 00| f spa d
040 _aDO-SdBNP
_bspa
_cBNPHU
_erda
082 4 _222
_aRD863.3
_bG182en
100 1 _aGalván, Manuel de J.
_q(Manuel de Jesús)
_d1834-1910
_eautor
_928507
245 1 0 _aEnriquillo. /
_cManuel de Jesús Galván
264 4 _aSanto Domingo :
_bSusaeta,
_c1977.
300 _a544 páginas :
_bIlustraciones ;
_c21 cm.
336 _2rdaconten
_atexto
_btxt
337 _2rdamedia
_asin mediación
_bn
338 _2rdacarrier
_avolumen
_bnc
590 _aInventariado 2023 / MF
600 1 4 _aEnriquillo,
_d1535-
_ccacique,
_979589
650 4 _aNovela histórica dominicana.
_9860
650 _aLiteratura Dominicana
_978268
651 4 _aRepública Dominicana
_xHistoria
_y1503-1538
_914942
910 _aMF
942 _2ddc
_cLBS1
999 _c55235
_d55235